000 00530nam a22001932 4500
001 0000009815
005 20151217160123.0
008 081130s xx 000 0 eng d
020 _a0823406113 :
040 _aKABU
_cKABU
100 1 _aLeedy, Loreen.
_@0000161584
245 1 4 _aThe Dragon halloween party /
_cLoreen Leedy.
250 _a1st ed.
260 _aNew York :
_b Holiday House,
_c1986.
300 _a32 p.
852 1 _9p400 KES
908 _a081130
950 _@1
999 _c14577
_d14577